Statistics for Hunger Games Trivia!!!!!

Click here to take the quiz!

General Stats

  • This quiz has been taken 469 times
    (468 since last reset)
  • The average score is 13 of 15

Answer Stats

HintAnswer% Correct
Tribute Boy from District 2Cato
98%
Main characterKatniss
98%
Primose Everdeen is Katniss' ______sister
96%
What district was Foxface from?5
95%
The name of their drunken mentorHaymitch
94%
Who (accidentally) killed Foxface?Peeta
94%
Katniss' younger ally during the gamesRue
94%
Rue's district11
93%
Tribute Girl from District 1Glimmer
92%
Tribute Girl from District 2Clove
91%
Tribute Boy from District 1Marvel
88%
Katniss and Peeta threaten to commit suicide using _______nightlock
86%
Who does Katniss volunteer for?Primrose Everdeen
79%
Who are the last three tributes standing?Cato, Katniss and Peeta
43%
What does District 5 produce?Power
43%

Score Distribution

Percentile by Number Answered

Percent of People with Each Score

Your Score History

You have not taken this quiz since the last reset